000 00614nam a2200217 u 4500
005 20240831063745.0
008 120613s2010 es r 000 0 spa d
020 _a9788466793599
035 _aUPN01000185050
049 _aI
050 4 _aPZ76.3
_bS7.5
100 1 _aSturniolo, Norma
_932194
245 1 3 _aEl mono Federico y el agua /
_cNorma Sturniolo ; il. Javier Vázquez.
260 _aMadrid :
_bAnaya,
_c2010.
300 _a76 p. :
_bil. col.
440 3 _aEl duende verde ;
_v172
650 4 _aCuentos infantiles españoles
_97725
905 _aInfantil
999 _c157153
_d157153